000
00270nam a22001217a 4500
008
181126b xxu||||| |||| 00| 0 eng d
041
_a
eng
080
_a
101
100
_a
34
101
_a
FIL
245
_a
Contemporary Philosophic Problems
_c
Edel.A
942
_2
udc
_c
BK
999
_c
52477
_d
52477